[Event "Corus"]
[Site "Wijk aan Zee 71"]
[Date "2009.01.28"]
[Round "10"]
[White "Carlsen, Magnus"]
[Black "Dominguez Perez, Leinier"]
[Result "1-0"]
[WhiteElo "2776"]
[BlackElo "2717"]
[Annotator "JvR"]
[PlyCount "77"]
[EventDate "2009.01.??"]
[EventCountry "NED"]

1. d4 Nf6 2. c4 g6 3. Nc3 d5 4. Qb3 dxc4 5. Qxc4 Bg7 6. e4 O-O 7. Be2 Nfd7 8.
Be3 Nb6 9. Qd3 f5 10. Rd1 f4 11. Bc1 e5 12. d5 c6 13. Nf3 cxd5 14. Nxd5 Nxd5
15. Qb3 $5 (15. Qxd5+ Qxd5 16. exd5 {occurred in Jakovenko - Mamedyarov,
Elista 2008.}) 15... Kh8 16. Bc4 Nc6 17. Bxd5 Qe7 18. h3 (18. Bd2 $5 {will
become a novelty.}) 18... Nb4 19. Bc4 $5 (19. O-O $1 Nxd5 20. exd5 $1 {gains a
plus (Dominguez).}) 19... b5 $1 20. Bxb5 $6 ({Preferable is} 20. Bd2) 20...
Nxa2 $1 21. Bd2 Rb8 22. Qa4 Qb7 23. O-O Qxb5 24. Qxa2 Qxb2 25. Qxa7 Qb7 {The
game has become equal.} 26. Qc5 Be6 27. Qd6 Bb3 28. Rb1 Qxe4 29. Bc3 Rbd8 30.
Qa3 Bc2 $6 {The bishop moves offside.} 31. Rb5 Qa4 32. Qb2 Bd3 $2 ({Better is} 
32... Be4 $1 33. Bxe5 Qa7 $1 {(Krasenkow).}) 33. Rb7 $1 {White has a winning
attack.} Qc2 ({Or} 33... Bxf1 34. Bxe5 $1 Rd7 35. Bxg7+ {(M.Notkin).}) 34. Qb4
$1 Rfe8 35. Re1 Be2 36. Nxe5 Bxe5 37. Bxe5+ Rxe5 38. Qxf4 Qf5 39. Qh6 {Carlsen
played his first decisive game.} 1-0

[Event "Corus"]
[Site "Wijk aan Zee 71"]
[Date "2009.01.30"]
[Round "11"]
[White "Dominguez Perez, Leinier"]
[Black "Aronian, Levon"]
[Result "1-0"]
[WhiteElo "2717"]
[BlackElo "2750"]
[Annotator "JvR"]
[PlyCount "71"]
[EventDate "2009.01.??"]
[EventCountry "NED"]

1. e4 e5 2. Nf3 Nc6 3. Bb5 a6 4. Ba4 Nf6 5. O-O Be7 6. Re1 b5 7. Bb3 O-O 8. d4
Nxd4 9. Nxd4 exd4 10. e5 Ne8 11. c3 dxc3 12. Nxc3 d6 13. Bd5 {White gains a
plus.} Rb8 14. Be3 Be6 $5 ({Aronian improves on} 14... c5 $6) 15. Ba7 Bxd5 16.
Bxb8 Bb7 $5 ({The alternative is} 16... Ba8 $1 17. Ba7 c5 $1 {(Dominguez).})
17. Ba7 Qa8 $1 18. exd6 Bxd6 19. Bd4 b4 $1 {Black takes the initiative.} 20.
Na4 ({Not} 20. Qg4 $2 h5 $1 21. Qg5 f6) 20... Bxg2 21. Rxe8 $1 Qxe8 $1 22. Kxg2
c5 23. Be3 Qc6+ 24. f3 Re8 25. Bf2 {Black has compensation for the piece.} c4
$6 (25... Re5 $5 {counters.}) 26. Nb6 c3 ({Not} 26... Re5 $2 27. Nxc4 $1 {
(Marin).}) 27. bxc3 bxc3 28. Qd5 Qc7 29. Nc4 Bb4 ({Or} 29... Bxh2 30. Re1 $1
Rxe1 31. Bxe1 {(Dominguez).}) 30. Rc1 Re2 $2 {Aronian blunders a pawn.} ({
Better is} 30... Qf4 31. Re1 Rxe1 32. Bxe1 Qf6) 31. Rxc3 $1 h6 32. Re3 Rxa2 33.
Re8+ Kh7 34. Ne3 Rxf2+ 35. Kxf2 Bc3 36. Kg2 {Dominguez joined the lead.} 1-0

[Event "Corus"]
[Site "Wijk aan Zee 71"]
[Date "2009.01.30"]
[Round "11"]
[White "Wang Yue"]
[Black "Radjabov, Teimour"]
[Result "0-1"]
[WhiteElo "2739"]
[BlackElo "2761"]
[Annotator "JvR"]
[PlyCount "128"]
[EventDate "2009.01.??"]
[EventCountry "NED"]

1. d4 Nf6 2. c4 g6 3. Nc3 Bg7 4. e4 d6 5. Nf3 O-O 6. Be2 e5 7. Be3 Ng4 8. Bg5
f6 9. Bh4 g5 10. Bg3 Nh6 11. d5 Nd7 12. O-O f5 13. exf5 Nxf5 14. Nd2 Nd4 15.
Nde4 h6 16. Bg4 b6 $5 {Black prepares ..Nc5.} ({Known is} 16... Nf6 17. Nxf6+
Qxf6) 17. f3 Nc5 18. Bxc8 Qxc8 19. Bf2 Qd7 20. Ng3 $5 a5 21. Nce2 Nf5 $1 (21...
Rxf3 $2 22. gxf3 Nxf3+ 23. Kh1 Qh3 24. Bg1 {does not work for Black (Radjabov).
}) 22. Nxf5 Qxf5 23. Ng3 Qg6 24. Bxc5 bxc5 25. Qb1 $5 Qxb1 26. Raxb1 e4 $1 {
Black enlivens the game by a beautiful sacrifice.} 27. Nxe4 Bd4+ 28. Kh1 a4 $5
29. h4 $6 {A neutral move achieves the draw easily.} gxh4 30. Kh2 Rfb8 31. b3
axb3 32. axb3 Ra2 33. Rfd1 Kf7 34. Rd2 $1 Ra3 $1 35. Kh3 Raxb3 36. Rxb3 Rxb3
37. Kxh4 Kg6 38. Rc2 Rb1 39. Ng3 $1 {Radjabov declined the offer of a draw.} h5
$1 40. f4 $2 ({Right is} 40. Re2 $1 Bf6+ 41. Kh3 {(Radjabov).}) 40... Bf6+ 41.
Kh3 Rb3 $1 42. Kh2 h4 43. Ne2 Kf5 $1 44. Ra2 (44. g3 hxg3+ 45. Nxg3+ Kxf4 46.
Rf2+ Kg4 $1 47. Rxf6 Rb2+ {also wins for Black.}) 44... Rb4 $1 45. Ra8 Rxc4 46.
Re8 Rb4 47. Re6 Rb3 48. g4+ hxg3+ 49. Nxg3+ Kg4 $1 50. Ne2 Rb2 51. Kg2 Be5 $1
52. Kf2 Bxf4 53. Re7 Kf5 54. Rf7+ Ke5 55. Kf3 Bd2 56. Rxc7 Kxd5 57. Ng3 Rb3+
58. Kg2 Bf4 59. Ne2 Be5 60. Kf2 Ke4 61. Rh7 Rf3+ 62. Ke1 d5 63. Kd2 d4 64. Rh4+
Kd5 {Radjabov became a leader too.} 0-1

[Event "Corus"]
[Site "Wijk aan Zee 71"]
[Date "2009.01.31"]
[Round "12"]
[White "Carlsen, Magnus"]
[Black "Smeets, Jan"]
[Result "1-0"]
[WhiteElo "2776"]
[BlackElo "2601"]
[Annotator "JvR"]
[PlyCount "57"]
[EventDate "2009.01.??"]
[EventCountry "NED"]

{Jan Smeets started with a lucky win against Ivanchuk and joined the lead for
several rounds. Later he became less successful.} 1. c4 c6 2. e4 d5 3. exd5
cxd5 4. cxd5 Nf6 5. Nc3 Nxd5 6. Nf3 Nc6 7. Bb5 e6 8. O-O Be7 9. d4 O-O 10. Re1
Bd7 11. Bd3 Rc8 12. Nxd5 exd5 13. Ne5 Bf6 $5 ({Theory is} 13... Nxe5 14. Rxe5)
14. Bf4 g6 $6 ({The fearless} 14... Be6 $1 {can be played (Carlsen).}) 15. Qb3
Na5 16. Qb4 ({The pointe is} 16. Qxd5 Bc6 $1 17. Qc5 Bxg2) 16... Be6 17. Bh6
Bg7 {Smeets makes passive moves.} 18. Bxg7 Kxg7 19. h4 $5 Re8 $5 20. h5 f6 21.
Nf3 $5 b6 22. Bb5 $5 Re7 23. Re2 Rcc7 $2 ({Correct is} 23... Nc6 $1 24. Qd2 Bg4
$1 25. h6+ Kf7 {and Black will survive.}) 24. Rae1 $1 Kf7 25. Qd2 $1 {Suddenly,
White has many positional advantages.} Qf8 $5 (25... Bf5 26. Nh4 Re4 27. Rxe4
dxe4 28. Qf4 {leads to a breakdown of the black position.}) 26. Qf4 Bf5 27. g4
Bc8 (27... Be4 28. Ng5+ Kg8 29. Ne6 $1 {wins an exchange (Carlsen).}) 28. b4
Nb7 29. Bc6 $1 {White conquers pawn d5 and the game.    Aronian, Carlsen,
Dominguez, Karjakin, Movsesian and Radjabov shared the lead at the end of the
penultimate round.} 1-0

[Event "Corus"]
[Site "Wijk aan Zee 71"]
[Date "2009.02.01"]
[Round "13"]
[White "Dominguez Perez, Leinier"]
[Black "Karjakin, Sergey"]
[Result "0-1"]
[WhiteElo "2717"]
[BlackElo "2706"]
[Annotator "JvR"]
[PlyCount "82"]
[EventDate "2009.01.??"]
[EventCountry "NED"]

{Two of the six leaders fought the decisive battle in the last round.} 1. e4 c5
2. Nf3 d6 3. d4 cxd4 4. Nxd4 Nf6 5. Nc3 a6 6. Be3 Ng4 7. Bc1 Nf6 8. Be3 Ng4 9.
Bg5 h6 10. Bh4 g5 11. Bg3 Bg7 12. h3 Nf6 13. Qe2 Nc6 14. Nxc6 bxc6 15. e5 dxe5
16. Bxe5 O-O 17. g4 $5 {Dominguez has developed a new plan for the attack on
the kingside.} ({Theory is} 17. h4 g4 $1) 17... a5 18. h4 $1 {A pawn sacrifice
is made.} Bxg4 19. f3 Bf5 $1 20. hxg5 hxg5 21. Qe3 $1 a4 $6 {The pawn advance
looks futile.} 22. Qxg5 Bg6 23. Bd3 $1 a3 24. b4 $1 Qb6 $1 ({Not} 24... Bxd3 $2
25. O-O-O $1) 25. Rh4 $6 {Dominguez misses his best opportunity.} ({Preferable
is} 25. Rb1 $1 Nh7 26. Qf4 Bxe5 27. Qxe5 {and White has winning chances 
(Ftacnik).}) 25... Nh7 $1 26. Rxh7 $6 {He tries to break the defence by force.}
Kxh7 27. O-O-O Qxb4 28. Rh1+ Kg8 29. Bxg7 $2 {He lets the black king escape.} (
{Better is} 29. Bxg6 $1 fxg6 30. Qxg6 Rf6 $1 31. Qd3 Kf7 {and Black only has a
plus (Karjakin).}) 29... Kxg7 30. Qh6+ Kf6 31. Ne4+ (31. Bxg6 fxg6 32. Ne4+ Ke6
33. Qxg6+ Kd7 34. Rd1+ Kc7 35. Qg3+ Kb6 {leads to a great escape by the black
king (Dominguez).}) 31... Ke6 32. Rd1 Qb2+ 33. Kd2 Kd7 $5 34. Qf4 $5 ({Or} 34.
Nc5+ $1 Ke8 $1) 34... Rfd8 35. Ke2 Ke8 36. Rh1 Ra5 37. Qc7 Rad5 38. Ke3 Kf8 39.
c3 $2 Rxd3+ 40. Kf4 f6 41. Rh8+ Kf7 {Karjakin had triumphed in the tournament
at 19, the youngest winner ever. The final standings became: Karjakin 8/13,
Aronian, Radjabov and Movsesian 71/2, Carlsen and Dominguez 7, etc.} (41... Kf7
42. Rxd8 Qh2+ 43. Kg4 Bh5+ 44. Kf5 Rxf3+ 45. Qf4 e6# {ends the game quickly.})
0-1

[Event "Corus B"]
[Site "Wijk aan Zee 71"]
[Date "2009.02.01"]
[Round "13"]
[White "Caruana, Fabiano"]
[Black "Short, Nigel"]
[Result "1-0"]
[WhiteElo "2646"]
[BlackElo "2663"]
[Annotator "JvR"]
[PlyCount "133"]
[EventDate "2009.01.??"]
[EventCountry "NED"]

{Short led by half-a-point on Caruana, when the last round began. They met.} 1.
d4 Nf6 2. c4 e6 3. g3 d5 4. Nf3 Be7 5. Bg2 O-O 6. O-O dxc4 7. Qc2 a6 8. Qxc4 b5
9. Qc2 Bb7 10. Bd2 Bd6 11. Ng5 Bxg2 12. Kxg2 Qc8 $5 (12... Nbd7 {happened in
Eljanov - Carlsen, Foros 2008.}) 13. e4 $5 Qb7 $1 14. Re1 Nbd7 15. Nf3 e5 16.
Bg5 exd4 17. Nxd4 Rfe8 18. Nd2 c5 19. Nf5 Bf8 20. b3 Re6 21. f3 Rae8 22. Rad1
Ne5 23. Bf4 $5 Nfd7 24. Qc3 h5 25. Ne3 Nb6 26. Ndf1 $5 Ng6 27. Bg5 c4 28. bxc4
Qc7 29. Rc1 bxc4 30. Nf5 Rc8 31. Nd2 $5 f6 32. Be3 Ne5 33. Rb1 Bc5 34. Bf4 Rd8
35. Red1 $6 g6 $1 36. Nh4 Red6 $6 (36... g5 $1 37. Bxe5 Qxe5 38. Qxe5 fxe5 {
gains a plus (Caruana).}) 37. Nxg6 $1 Bd4 $1 38. Qa5 $4 ({Right is} 38. Qc2)
38... Nxg6 $2 (38... c3 $1 {wins quickly.}) 39. Bxd6 Rxd6 40. Qxh5 Kg7 41. Nf1
c3 42. Rbc1 Nc4 43. f4 Qb7 44. Qe2 f5 45. Re1 Qc6 46. Qf3 Nd2 47. Nxd2 Nh4+ $2
(47... cxd2 $1 48. Rxc6 dxe1=N+ $1 49. Kf1 Nxf3 50. Rxd6 fxe4 {wins
wonderfully (Caruana).}) 48. gxh4 Rg6+ 49. Kh3 Qd7 50. Qh5 $1 cxd2 51. exf5 Rh6
52. Qg5+ $6 (52. Rg1+ $1 Bxg1 53. Rxg1+ Kh7 54. Qg4 {brings winning chances
for White.}) 52... Kf7 53. Qxh6 Qxf5+ 54. Kg3 dxc1=Q 55. Rxc1 Qd3+ 56. Kg4 Qe2+
57. Kf5 Qb5+ $4 {Short has his doubts about playing in the main group next
year. He gets his way.} (57... Qd3+ $1 58. Kg5 Qb5+ 59. Kg4 ({Not} 59. f5 $4
Be3+ 60. Kg4 Qe2+ 61. Kg3 Qf2+ 62. Kg4 Qg2+ 63. Kh5 Qf3#) 59... Qe2+ 60. Kf5
Qd3+ {leads to perpetual check (Caruana).}) 58. Ke4 $1 Qe2+ 59. Kd5 Qxa2+ 60.
Rc4 Bf6 61. Qh7+ Kf8 62. Qe4 Bxh4 63. Ke6 Kg7 64. f5 Bd8 65. f6+ Kf8 66. Qd5
Qe2+ 67. Re4 {The sixteen years-old Caruana had won the second group.} 1-0

[Event "Corus C"]
[Site "Wijk aan Zee 71"]
[Date "2009.01.31"]
[Round "12"]
[White "Giri, Anish"]
[Black "Leon Hoyos, Manuel"]
[Result "1-0"]
[WhiteElo "2469"]
[BlackElo "2542"]
[Annotator "JvR"]
[PlyCount "65"]
[EventDate "2009.01.??"]
[EventCountry "NED"]

{The third group was won by the 15-years-old Wesley So. Another young player
named Giri was 14. He would stay in the Netherlands.} 1. d4 d6 2. Nf3 Bg4 3. g3
Bxf3 4. exf3 g6 5. c4 Nd7 6. Bg2 Bg7 7. O-O c6 8. Nc3 Nb6 9. d5 $5 Rc8 $5 10.
Qd3 Nf6 11. Be3 cxd5 12. cxd5 Nfd7 13. Bd4 Bxd4 14. Qxd4 O-O 15. Rfe1 {Giri
has the initiative.} Nf6 16. Re2 Rc4 17. Qd3 a6 $5 18. Rae1 Rc7 $2 ({
Preferable is} 18... Re8) 19. f4 Nc4 $6 20. b3 $5 Na3 21. Bh3 $1 ({Not} 21. Qd4
$2 Qc8 $1 {(Giri).}) 21... Rc5 $5 22. Ne4 $1 (22. Rxe7 $6 Rxc3 $1 23. Qxc3 Nxd5
24. Qb2 Nxe7 25. Qxa3 Qc7 {brings an improvement of the black position.}) 22...
Nxe4 23. Rxe4 {Black has no proper defence.} Rc7 24. f5 $1 Nb5 $2 25. fxg6 hxg6
26. a4 $1 Na7 27. Qd4 b5 28. Rh4 f6 29. Qe3 g5 30. Qe4 $1 f5 31. Qe6+ Kg7 32.
Qh6+ Kf7 33. Bxf5 {Giri played a fine positional game. He scored his third
grandmaster result during the event.} 1-0

[Event "Corus"]
[Site "Wijk aan Zee 72"]
[Date "2010.01.16"]
[Round "1"]
[White "Leko, Peter"]
[Black "Shirov, Alexei"]
[Result "0-1"]
[WhiteElo "2739"]
[BlackElo "2723"]
[Annotator "JvR"]
[PlyCount "128"]
[EventDate "2010.01.??"]
[EventCountry "NED"]

{Tournament 72 was played from 16 until 31 i 2010. It would become the event
of the youngsters Carlsen and Giri.} 1. e4 e5 2. Nf3 Nc6 3. Bb5 a6 4. Ba4 Nf6
5. O-O b5 6. Bb3 Bc5 7. a4 Rb8 8. Nxe5 Nxe5 9. d4 Bxd4 10. Qxd4 d6 11. f4 Nc6
12. Qc3 Ne7 13. Qd3 O-O 14. Nc3 $5 b4 15. e5 Bf5 $1 16. Qxa6 Nd7 $6 ({
Preferable is} 16... dxe5 $1 17. Rd1 Nd7) 17. exd6 bxc3 18. dxe7 Qxe7 19. bxc3
$6 Nc5 20. Qc4 Rfd8 21. Ba2 Bxc2 22. f5 Bd3 $1 {Black takes the initiative.}
23. f6 $1 gxf6 24. Qg4+ Kh8 25. Bh6 Rg8 26. Qd4 Bxf1 27. Rxf1 Rg6 {He has
gained a material plus.} 28. Be3 Nxa4 29. Bf2 Nb6 30. Bb1 Rg7 31. Re1 Qd6 32.
Bf5 Nd5 33. g4 Rgg8 34. c4 Nf4 35. Qxd6 cxd6 36. Bg3 Nh3+ 37. Kg2 Ng5 38. Bxd6
Rb2+ 39. Kg3 Ra8 $5 (39... Rb3+ $1 {keeps more advantage.}) 40. Re3 $1 Kg7 41.
h4 Ne6 42. g5 Raa2 43. gxf6+ Kxf6 44. Bxh7 Re2 45. Rf3+ Kg7 46. Bd3 Re1 47. Be7
$6 Rd2 48. Bf6+ Kg8 49. Kg4 Nc5 50. Bf5 Ne4 51. Bxe4 $6 (51. Be5 $1 Rg2+ 52.
Kh5 {defends well.}) 51... Rxe4+ 52. Kh5 ({Or} 52. Rf4 Rxf4+ 53. Kxf4 Rc2)
52... Rxc4 53. Rg3+ Kf8 54. Bg7+ Ke7 $1 55. Re3+ Kd7 56. Bf6 Rf2 57. Be5 Rf5+
58. Kh6 Rxh4+ 59. Kg7 Rg4+ 60. Kf8 Rf1 61. Rd3+ Ke6 62. Bc7 Rc4 63. Rd6+ Kf5
64. Rd7 Kg4 {Shirov took an early lead.} 0-1

[Event "Corus"]
[Site "Wijk aan Zee 72"]
[Date "2010.01.18"]
[Round "3"]
[White "Van Wely, Loek"]
[Black "Carlsen, Magnus"]
[Result "0-1"]
[WhiteElo "2641"]
[BlackElo "2810"]
[Annotator "JvR"]
[PlyCount "80"]
[EventDate "2010.01.??"]
[EventCountry "NED"]

1. Nf3 Nf6 2. c4 e6 3. Nc3 d5 4. d4 Nbd7 5. cxd5 exd5 6. Bg5 Be7 7. e3 c6 8.
Qc2 O-O 9. Bd3 Re8 10. h3 Ne4 {Black sacrifices a pawn.} 11. Bxe4 dxe4 12. Nxe4
Qa5+ 13. Kf1 Bf8 14. Bf4 $6 (14. Nc3 {brings a plus.}) 14... Qf5 15. Nfd2 {The
pin hinders White.} Nb6 $1 16. Rc1 Nd5 17. g4 Qg6 18. Nd6 Rd8 19. Qxg6 $6 ({
Preferable is} 19. Nxc8 Nxf4 20. exf4 Qxc2 21. Rxc2 Rxd4 22. Nxa7 Rxa7 {
(Krasenkow).}) 19... hxg6 20. Nxc8 Nxf4 $1 21. exf4 Rxd4 22. Nb3 Rb4 $1 23. Kg2
Rxc8 24. Rhd1 Rxf4 25. Rd7 Rb4 26. Rc2 Re8 27. Rcd2 Be7 28. Rc7 Bf6 29. Rdd7 b6
$1 30. Rxa7 g5 $5 31. Rd2 $2 ({Better is} 31. Rxf7 $1 Re2 32. Nc1 $1 Rd2 33.
Rfd7 {(Mikhalchishin).}) 31... c5 32. Ra6 c4 $5 33. Nd4 Bxd4 34. Rxd4 Rxb2 35.
Rd7 c3 36. Raa7 Rf8 37. Rdc7 c2 38. Kg3 $6 Rd8 39. Rxf7 $6 Rd3+ 40. Kg2 c1=Q {
White has no perpetual check.} 0-1

[Event "Corus"]
[Site "Wijk aan Zee 72"]
[Date "2010.01.19"]
[Round "4"]
[White "Shirov, Alexei"]
[Black "Smeets, Jan"]
[Result "1-0"]
[WhiteElo "2723"]
[BlackElo "2657"]
[Annotator "JvR"]
[PlyCount "73"]
[EventDate "2010.01.??"]
[EventCountry "NED"]

1. e4 e5 2. Nf3 Nf6 3. Nxe5 d6 4. Nf3 Nxe4 5. d4 d5 6. Bd3 Nc6 7. O-O Be7 8. c4
Nb4 9. Be2 O-O 10. Nc3 Bf5 11. a3 Nxc3 12. bxc3 Nc6 13. Re1 Re8 14. cxd5 Qxd5
15. Bf4 Rac8 16. h3 h6 17. Nd2 Na5 18. Nf1 Qb3 19. Qd2 $5 {White avoids the
exchange of queens.} Nc4 20. Bxc4 Qxc4 21. Ne3 Qb5 22. c4 Qd7 23. c5 Bg6 24.
Rac1 c6 25. Nc4 f6 26. Bxh6 $6 {Shirov makes a surprising sacrifice.} ({The
alternative is} 26. Bd6 b5 $1 27. Bxe7 bxc4 28. Bd6 {and equality (Shirov).})
26... gxh6 27. Qxh6 Bh7 $1 {He had missed this strong defence.} 28. Re3 Bf8 29.
Rg3+ Kh8 30. Qxf6+ Bg7 31. Qg5 $5 {White bluffs.} Bxd4 32. Rd1 Rf8 $6 (32...
Re2 $1 {attacks.}) 33. Kh2 Rcd8 $4 ({Correct is} 33... Rce8 34. Qh6 Qd8) 34.
Ne5 Qc7 35. Rxd4 Rxd4 36. Ng6+ Kg7 ({Or} 36... Bxg6 37. Qh6+ Qh7 38. Qxf8+ {
(Shirov).}) 37. Nxf8+ {Shirov would win the first five games and lose two
encounters during the remainder of the event.} 1-0

[Event "Corus"]
[Site "Wijk aan Zee 72"]
[Date "2010.01.21"]
[Round "5"]
[White "Smeets, Jan"]
[Black "Kramnik, Vladimir"]
[Result "0-1"]
[WhiteElo "2657"]
[BlackElo "2788"]
[Annotator "JvR"]
[PlyCount "80"]
[EventDate "2010.01.??"]
[EventCountry "NED"]

1. e4 d6 2. d4 Nf6 3. Nc3 g6 4. Be3 a6 5. Be2 Bg7 6. Qd2 b5 7. Bh6 O-O 8. e5 $6
{Known are more peaceful moves. Troubles start for White.} dxe5 9. Bxg7 Kxg7
10. Bf3 $5 c6 $1 11. dxe5 Qxd2+ 12. Kxd2 Rd8+ 13. Ke3 Ng4+ 14. Bxg4 Bxg4 15. h3
Bf5 $1 {Black plays for a win.} 16. g4 $5 {White wants to attack.} (16. Rc1 $6
{accepts a minor disadvantage.}) 16... Bxc2 $1 17. Rc1 b4 $1 {The counter
continues.} 18. Rxc2 bxc3 19. Nf3 (19. Rxc3 $6 Rd1 $1 {leads to a terrible pin.
}) 19... cxb2 20. Rb1 Rd5 21. e6 $5 ({The alternative is} 21. Rbxb2 Nd7 22. e6
{(Kramnik).}) 21... c5 $5 22. exf7 Nc6 23. Rbxb2 Rad8 24. Ke4 Kxf7 {Black has
an extra pawn.} 25. Rc3 Nd4 26. Ne5+ Ke8 27. Rb6 $5 Nb5 28. Rc2 $2 (28. Re3 $1
R5d6 29. Rxd6 Nxd6+ 30. Kf4 {offers more resistance (Kramnik).}) 28... R5d6 $1
29. Nc4 Rd3 $1 30. Ne3 Ra3 $5 31. Rb2 $2 (31. Rxc5 Rxa2 32. Nd5 {fights back.})
31... c4 32. Ke5 c3 33. Rc2 Rd2 34. Rc1 Rxf2 35. Nd5 c2 36. Nb4 Re3+ 37. Kd5
Rd2+ 38. Kc6 Rc3+ 39. Kb7 Nd6+ 40. Ka8 a5 {Vladimir won a fine endgame.} 0-1

[Event "Corus"]
[Site "Wijk aan Zee 72"]
[Date "2010.01.22"]
[Round "6"]
[White "Dominguez Perez, Leinier"]
[Black "Tiviakov, Sergei"]
[Result "1-0"]
[WhiteElo "2712"]
[BlackElo "2662"]
[Annotator "JvR"]
[PlyCount "75"]
[EventDate "2010.01.??"]
[EventCountry "NED"]

1. d4 Nf6 2. c4 e6 3. g3 d5 4. Nf3 Bb4+ 5. Bd2 Be7 6. Bg2 c6 7. Bf4 Nbd7 8. O-O
dxc4 {Tiviakov accepts the pawn.} 9. a4 Nd5 10. Nc3 O-O 11. Nd2 Bb4 $5 12. Nxc4
$1 Nxc3 $5 13. bxc3 Bxc3 {He grabbed a pawn again.} 14. Rc1 Bb4 15. Qb3 a5 $1
16. e4 {White has a lead in development as compensation.} Nb6 17. Ne5 Nd7 $5 ({
Not} 17... Qxd4 $4 18. Rfd1) 18. Nd3 Qb6 19. Be3 Be7 20. Qc2 Qd8 21. Rfd1 Nf6
22. h3 Ne8 $5 23. Qb3 $5 Nc7 24. Ne5 Bb4 25. Nd3 Qe7 $6 {He allows a poor
exchange.} ({Preferable is the retreat} 25... Be7) 26. Nxb4 $1 Qxb4 27. Qc2 Re8
$2 {Black has to protect square c5.} ({Better is} 27... Na6 $1 28. Rb1 $5 Qa3 {
(Stohl).}) 28. d5 $1 {White threatens Bc5.} exd5 29. exd5 Na6 ({Or} 29... Nxd5
30. Bc5 $1) 30. dxc6 bxc6 31. Qxc6 Bf5 32. Qb5 Be4 33. Rc4 $1 Qxb5 34. axb5
Bxg2 35. Kxg2 Nb4 36. b6 Rab8 37. Rd7 h6 38. b7 {Black cannot stop the b-pawn.}
1-0

[Event "Corus"]
[Site "Wijk aan Zee 72"]
[Date "2010.01.23"]
[Round "7"]
[White "Carlsen, Magnus"]
[Black "Ivanchuk, Vassily"]
[Result "1-0"]
[WhiteElo "2810"]
[BlackElo "2749"]
[Annotator "JvR"]
[PlyCount "69"]
[EventDate "2010.01.??"]
[EventCountry "NED"]

1. d4 d5 2. c4 c6 3. Nc3 Nf6 4. e3 a6 5. Qc2 g6 6. Bd3 Be6 $5 {Ivanchuk has a
special idea.} ({The standard move is} 6... Bg7) 7. b3 $5 (7. c5 $1 {gains an
edge.}) 7... Bg7 8. Nge2 c5 $2 {Black sacrifices a pawn.} 9. cxd5 Nxd5 10. Nxd5
Bxd5 11. e4 Be6 12. Qxc5 Nc6 13. Be3 Rc8 14. Qa3 O-O 15. Rd1 $1 Nxd4 $5 {He
fights for his last chance.} 16. Bxd4 Bxd4 17. Bb1 $1 Bc5 $5 18. b4 $1 Qxd1+ $2
{Ivanchuk misses the best opportunity.} (18... Bxf2+ $1 19. Kxf2 Qb6+ 20. Qe3
Qxb4 {brings practical chances.}) 19. Kxd1 Bxf2 20. Nf4 Bc4 21. Bd3 Rfd8 22.
Ke2 Bxd3+ 23. Kxf2 Rc2+ 24. Kf3 Bc4 25. Rc1 Rxa2 26. Qc3 b5 27. Ra1 Rdd2 28.
Rxa2 Rxa2 29. h4 h5 30. g4 hxg4+ 31. Kxg4 f6 32. e5 Kf7 33. exf6 exf6 34. Qe3
Rc2 35. Qa7+ {Shirov led by half-a-point on Carlsen and Nakamura.} 1-0

[Event "Corus"]
[Site "Wijk aan Zee 72"]
[Date "2010.01.24"]
[Round "8"]
[White "Caruana, Fabiano"]
[Black "Tiviakov, Sergei"]
[Result "1-0"]
[WhiteElo "2675"]
[BlackElo "2662"]
[Annotator "JvR"]
[PlyCount "137"]
[EventDate "2010.01.??"]
[EventCountry "NED"]

1. e4 d5 2. exd5 Qxd5 3. Nc3 Qd6 4. d4 Nf6 5. Nf3 c6 6. g3 Bg4 7. Bg2 e6 8. O-O
Be7 9. h3 Bxf3 10. Bxf3 O-O 11. Ne2 Nbd7 12. Bg2 $5 ({Known is} 12. c4) 12...
e5 13. c3 Rad8 14. Qb3 Qc7 15. dxe5 Nxe5 16. Be3 Nfd7 17. Rad1 Nc5 18. Qc2 Nc4
19. Bf4 Bd6 20. Bg5 Be7 21. Bf4 Bd6 22. Bc1 Rfe8 23. b3 Nb6 24. Nd4 Ne6 25.
Nxe6 Rxe6 26. Rfe1 Rxe1+ 27. Rxe1 Nd5 28. a3 $1 {White prepares c4.} Qc8 $6 ({
Preferable is} 28... Be5 29. c4 {(Tiviakov).}) 29. b4 $5 Re8 30. Rxe8+ Qxe8 31.
c4 Nc7 32. Qd3 $1 Qe1+ 33. Kh2 Qe7 34. Bg5 Qe6 35. h4 {The two bishops rule in
the open position.} g6 36. Qd4 a6 37. Bh3 f5 38. Qa7 $5 Qc8 39. Qd4 Bf8 40. Bf6
Ne6 41. Qe5 Kf7 42. c5 $1 {Black suffers from restriction.} Qc7 43. Qc3 Bg7 $2
({Better is} 43... b6) 44. Bxg7 Nxg7 45. Bf1 $1 {The remaining bishop shows
superiority to the knight.} f4 $5 46. Bc4+ Ke8 47. g4 Qe7 48. Kg1 $6 h5 $6 ({
Tiviakov misses the chance} 48... h6 $1 49. Qd4 g5) 49. Qd3 Qf6 50. g5 Qf5 51.
Qd6 f3 52. Qb8+ Ke7 53. Qd6+ $5 Ke8 54. Bd3 $1 Qg4+ 55. Kf1 Qg2+ 56. Ke1 Qg1+
57. Kd2 Qxf2+ 58. Kd1 Qg1+ 59. Kc2 Qf2+ 60. Kb3 Qe3 61. Ka4 $1 Qe7 62. Bxg6+
Kf8 63. Qb8+ Ne8 64. Qf4+ Kg8 65. Bxh5 Nc7 66. Bxf3 Nb5 67. g6 a5 68. h5 axb4
69. h6 {The young Caruana played a fine positional game.} 1-0